[Event "Reykjavik op"]
[Site "Reykjavik"]
[Date "2015.03.13"]
[Round "5"]
[White "D'Aste, Federico"]
[Black "Birkisson, Bjorn Holm"]
[Result "0-1"]
[WhiteElo "1499"]
[BlackElo "1845"]
[PlyCount "148"]
[EventDate "2015.03.10"]
[EventType "swiss"]
[EventRounds "10"]
[EventCountry "ISL"]
[SourceTitle "CBM 165 Extra"]
[Source "ChessBase"]
[SourceDate "2015.04.21"]
[SourceVersion "1"]
[SourceVersionDate "2015.04.21"]
[SourceQuality "1"]

1. e4 e5 2. Nf3 Nc6 3. Bc4 Bc5 4. c3 Nf6 5. d4 exd4 6. cxd4 Bb4+ 7. Nc3 Nxe4 8. 0-0 Bxc3 9. d5 Ne5 10. bxc3 Nxc4 11. Qd4 0-0 12. Qxc4 Nd6 13. Qd3 b6 14. Re1 Bb7 15. Bg5 f6 16. Bf4 Nf7 17. c4 c5 18. d6 Bxf3 19. Qxf3 Kh8 20. Re7 Ng5 21. Qb7 Qc8 22. Qxd7 Qxd7 23. Rxd7 h6 24. Re1 Rfd8 25. Rc7 Kg8 26. Ree7 Kf8 27. Rxg7 Rdc8 28. Rg6 Rxc7 29. dxc7 Kf7 30. Rxh6 Kg7 31. Bxg5 fxg5 32. Rc6 Rc8 33. g3 Kf7 34. h4 gxh4 35. gxh4 Ke7 36. Rh6 Kd7 37. Rh7+ Kc6 38. Kf1 Re8 39. h5 b5 40. cxb5+ Kd6 41. c8Q Rxc8 42. Rxa7 Rh8 43. a4 Rxh5 44. Ra8 Kc7 45. Kg2 c4 46. Ra6 Rc5 47. Re6 c3 48. Re1 Kb6 49. f4 Ka5 50. Rc1 c2 51. Kf2 Kxa4 52. b6 Kb3 53. b7 Rb5 54. Ke2 Kc3 55. f5 Rxb7 56. Ke3 Rb4 57. Kf3 Kd2 58. Rxc2+ Kxc2 59. Ke3 Kb3 60. Kf3 Ka4 61. Ke3 Kb5 62. Kf3 Kc6 63. Ke3 Kd6 64. Kf3 Ke5 65. Ke3 Kxf5 66. Kd3 Ke5 67. Kc3 Rd4 68. Kb3 Kd5 69. Kc3 Kc5 70. Kc2 Kb4 71. Kb2 Rd2+ 72. Kb1 Kb3 73. Kc1 Kc3 74. Kb1 Rh2 0-1

[Event "Reykjavik op"]
[Site "Reykjavik"]
[Date "2015.03.11"]
[Round "2"]
[White "Andersen, Niels Erik"]
[Black "D'Aste, Federico"]
[Result "1-0"]
[WhiteElo "1900"]
[BlackElo "1499"]
[PlyCount "71"]
[EventDate "2015.03.10"]
[EventType "swiss"]
[EventRounds "10"]
[EventCountry "ISL"]
[SourceTitle "CBM 165 Extra"]
[Source "ChessBase"]
[SourceDate "2015.04.21"]
[SourceVersion "1"]
[SourceVersionDate "2015.04.21"]
[SourceQuality "1"]

1. d4 Nf6 2. c4 g6 3. Nc3 d5 4. cxd5 Nxd5 5. e4 Nxc3 6. bxc3 Bg7 7. Bc4 c5 8. Be3 Nc6 9. Ne2 0-0 10. 0-0 cxd4 11. cxd4 e5 12. d5 Na5 13. Bd3 f5 14. Rc1 b6 15. f3 f4 16. Bf2 Qg5 17. Kh1 Qe7 18. Nc3 Bd7 19. Ba6 Rfb8 20. d6 Qe6 21. Nd5 Qxd6 22. Nc7 Qxd1 23. Rfxd1 Ba4 24. Re1 Bf8 25. Nxa8 Rxa8 26. Rc8 Rxc8 27. Bxc8 Kf7 28. Rc1 Bd6 29. Ba6 g5 30. Rc8 Bd7 31. Ra8 Nc6 32. Bb7 Bc5 33. Bxc6 Bxc6 34. Rxa7+ Kg6 35. Bxc5 bxc5 36. Ra6 1-0

[Event "Reykjavik op"]
[Site "Reykjavik"]
[Date "2015.03.11"]
[Round "3"]
[White "D'Aste, Federico"]
[Black "Stuhr, Peter Sebastian"]
[Result "0-1"]
[WhiteElo "1499"]
[BlackElo "1973"]
[PlyCount "42"]
[EventDate "2015.03.10"]
[EventType "swiss"]
[EventRounds "10"]
[EventCountry "ISL"]
[SourceTitle "CBM 165 Extra"]
[Source "ChessBase"]
[SourceDate "2015.04.21"]
[SourceVersion "1"]
[SourceVersionDate "2015.04.21"]
[SourceQuality "1"]

1. e4 d6 2. d4 Nf6 3. Bc4 Nbd7 4. Nc3 c6 5. a4 b6 6. Nf3 e6 7. Bf4 Qc7 8. Qe2 e5 9. dxe5 dxe5 10. Bg3 Bb4 11. Rd1 0-0 12. h3 h6 13. Nh4 Nc5 14. Bb3 Ncxe4 15. Qf3 Nxg3 16. Qxg3 Bxc3+ 17. Qxc3 Kh7 18. Bd5 Nxd5 19. Rxd5 Qe7 20. Qxc6 Bb7 21. Nf5 Qb4+ 0-1

[Event "Arco op 36th"]
[Site "Arco"]
[Date "2014.10.12"]
[Round "9"]
[White "D'Aste, Federico"]
[Black "Moro, Roberto"]
[Result "1/2-1/2"]
[WhiteElo "1453"]
[BlackElo "1748"]
[PlyCount "31"]
[EventDate "2014.10.04"]
[EventType "swiss"]
[EventRounds "9"]
[EventCountry "ITA"]
[SourceTitle "EXT 2016"]
[Source "ChessBase"]
[SourceDate "2015.10.08"]
[SourceVersion "1"]
[SourceVersionDate "2015.10.08"]
[SourceQuality "1"]

1. e4 c5 2. Nc3 Nc6 3. g3 e5 4. Nge2 Nf6 5. Bg2 Be7 6. 0-0 d6 7. d3 a6 8. f4 Bg4 9. f5 Qb6 10. Be3 Nd4 11. Rb1 h5 12. h3 Bxe2 13. Nxe2 Rc8 14. c3 Nxe2+ 15. Qxe2 Qa5 16. c4 1/2-1/2

[Event "Arco op 36th"]
[Site "Arco"]
[Date "2014.10.11"]
[Round "8"]
[White "Bondielli, Giorgio"]
[Black "D'Aste, Federico"]
[Result "1/2-1/2"]
[WhiteElo "1822"]
[BlackElo "1453"]
[PlyCount "36"]
[EventDate "2014.10.04"]
[EventType "swiss"]
[EventRounds "9"]
[EventCountry "ITA"]
[SourceTitle "EXT 2016"]
[Source "ChessBase"]
[SourceDate "2015.10.08"]
[SourceVersion "1"]
[SourceVersionDate "2015.10.08"]
[SourceQuality "1"]

1. e4 d6 2. d4 Nf6 3. Bd3 e5 4. Ne2 Nbd7 5. 0-0 d5 6. exd5 Nxd5 7. c3 Be7 8. f4 exf4 9. Nxf4 N7f6 10. a3 Bg4 11. Be2 Bxe2 12. Qxe2 Nxf4 13. Bxf4 Qd7 14. Nd2 0-0-0 15. Nc4 Rhe8 16. Qf3 Qd5 17. Qxd5 Nxd5 18. Bd2 f6 1/2-1/2

[Event "Arco op 36th"]
[Site "Arco"]
[Date "2014.10.06"]
[Round "3"]
[White "D'Aste, Federico"]
[Black "Bottesi, Gianluca"]
[Result "1-0"]
[WhiteElo "1453"]
[BlackElo "1692"]
[PlyCount "41"]
[EventDate "2014.10.04"]
[EventType "swiss"]
[EventRounds "9"]
[EventCountry "ITA"]
[SourceTitle "EXT 2016"]
[Source "ChessBase"]
[SourceDate "2015.10.08"]
[SourceVersion "1"]
[SourceVersionDate "2015.10.08"]
[SourceQuality "1"]

1. e4 c5 2. Nc3 g6 3. g3 Bg7 4. Bg2 Nc6 5. Nge2 Nf6 6. 0-0 0-0 7. d3 d6 8. h3 Bd7 9. Be3 a6 10. Qd2 Re8 11. f4 Qc8 12. Kh2 e5 13. Rf2 Nd4 14. Raf1 Qd8 15. fxe5 dxe5 16. Bg5 Re6 17. Nxd4 cxd4 18. Nd5 Rc8 19. Nxf6+ Bxf6 20. Rxf6 Rxf6 21. Bxf6 1-0

[Event "Milan Giugno B"]
[Site "Milan"]
[Date "2014.06.03"]
[Round "6"]
[White "D'Aste, Federico"]
[Black "Frignani, Alessandro"]
[Result "0-1"]
[WhiteElo "1473"]
[BlackElo "1416"]
[PlyCount "84"]
[EventDate "2014.05.29"]
[EventType "swiss"]
[EventRounds "6"]
[EventCountry "ITA"]
[SourceTitle "EXT 2024"]
[Source "ChessBase"]
[SourceDate "2023.10.10"]
[SourceVersion "1"]
[SourceVersionDate "2023.10.10"]
[SourceQuality "1"]

1. e4 e5 2. Nf3 Qf6 3. Bc4 Bc5 4. 0-0 Be7 5. c3 c5 6. d4 d6 7. dxe5 dxe5 8. Ng5 Nh6 9. Qb3 0-0 10. Bd5 Nc6 11. Qb5 Qg6 12. Nf3 Bh3 13. g3 Bxf1 14. Kxf1 Nd8 15. Nxe5 Qb6 16. Qxb6 axb6 17. Nd7 Re8 18. Nxb6 Ra6 19. Nc4 Ng4 20. h3 Nf6 21. Be3 Nxd5 22. exd5 b5 23. Ne5 Rd6 24. c4 bxc4 25. Nxc4 Rxd5 26. Nc3 Rf5 27. a4 Bf8 28. Bf4 Re6 29. a5 g5 30. Bc7 Nc6 31. a6 Na7 32. Bb6 Re7 33. Na4 Rd7 34. Nc3 Be7 35. Ra5 Kf8 36. Na4 Rd1+ 37. Kg2 Rd7 38. Nxc5 Bxc5 39. Bxc5+ Ke8 40. Nd6+ Rxd6 41. Bxd6 Rxa5 42. Kf3 Rxa6 0-1

[Event "Milan Giugno B"]
[Site "Milan"]
[Date "2014.06.01"]
[Round "4"]
[White "Longo, Giovanni"]
[Black "D'Aste, Federico"]
[Result "0-1"]
[WhiteElo "1644"]
[BlackElo "1473"]
[PlyCount "80"]
[EventDate "2014.05.29"]
[EventType "swiss"]
[EventRounds "6"]
[EventCountry "ITA"]
[SourceTitle "EXT 2024"]
[Source "ChessBase"]
[SourceDate "2023.10.10"]
[SourceVersion "1"]
[SourceVersionDate "2023.10.10"]
[SourceQuality "1"]

1. e4 d6 2. d4 Nf6 3. Bd3 g6 4. c4 Bg7 5. Ne2 0-0 6. Nbc3 c6 7. Bg5 Qa5 8. Qd2 Bd7 9. Bh6 b5 10. Bxg7 Kxg7 11. b3 Na6 12. e5 dxe5 13. dxe5 Ng4 14. f4 Rad8 15. Ne4 Qb6 16. h3 Ne3 17. c5 Nxg2+ 18. Kf1 Nxc5 19. Nxc5 Qxc5 20. Kxg2 Bf5 21. Qc3 Qxc3 22. Nxc3 Rxd3 23. Rac1 b4 24. Ne2 Be4+ 25. Kh2 Bxh1 26. Kxh1 Rc8 27. Rc2 Rxh3+ 28. Kg2 Rd3 29. Ng3 Rcd8 30. Rxc6 Rd2+ 31. Kh3 Rxa2 32. Rc4 a5 33. f5 Rd3 34. Rc7 Rxb3 35. Rxe7 gxf5 36. e6 f4 37. Rxf7+ Kg6 38. Rxf4 Re3 39. e7 Rxe7 40. Rg4+ Kf6 0-1

[Event "Milan Giugno B"]
[Site "Milan"]
[Date "2014.05.29"]
[Round "1"]
[White "D'Aste, Federico"]
[Black "Carbone, Lorenzo"]
[Result "0-1"]
[WhiteElo "1473"]
[BlackElo "1654"]
[PlyCount "66"]
[EventDate "2014.05.29"]
[EventType "swiss"]
[EventRounds "6"]
[EventCountry "ITA"]
[SourceTitle "EXT 2024"]
[Source "ChessBase"]
[SourceDate "2023.10.10"]
[SourceVersion "1"]
[SourceVersionDate "2023.10.10"]
[SourceQuality "1"]

1. e4 c5 2. Nc3 Nc6 3. g3 e6 4. Bg2 Nf6 5. Nge2 Be7 6. 0-0 d5 7. exd5 exd5 8. h3 0-0 9. Nf4 d4 10. Ncd5 Nxd5 11. Nxd5 Bf6 12. Re1 Be6 13. Nf4 Bd7 14. Nd5 Bg5 15. d3 Bxc1 16. Rxc1 Bxh3 17. Be4 h6 18. g4 Qh4 19. Bf3 Rae8 20. Re4 Rxe4 21. dxe4 Ne5 22. Nf4 Bxg4 23. Ng2 Nxf3+ 24. Qxf3 Qg5 25. Qf4 Re8 26. f3 Qxf4 27. Nxf4 Bxf3 28. Kf2 Bxe4 29. Nh5 Bg6 30. Nf4 Re5 31. Nd3 Bxd3 32. cxd3 b6 33. Kf3 Re3+ 0-1

[Event "EU-ch 14th"]
[Site "Legnica"]
[Date "2013.05.14"]
[Round "9"]
[White "D'Aste, Federico"]
[Black "Wolff, Peter"]
[Result "0-1"]
[WhiteElo "1501"]
[BlackElo "1962"]
[PlyCount "60"]
[EventDate "2013.05.05"]
[EventType "swiss"]
[EventRounds "11"]
[EventCountry "POL"]
[SourceTitle "CBM 155"]
[Source "ChessBase"]
[SourceDate "2013.07.16"]
[SourceVersion "1"]
[SourceVersionDate "2013.07.16"]
[SourceQuality "1"]

1. e4 c6 2. d4 d5 3. e5 Bf5 4. Nf3 e6 5. Be2 Nd7 6. 0-0 h6 7. Nbd2 a6 8. Nb3 c5 9. c4 dxc4 10. Bxc4 b5 11. Be2 c4 12. Nbd2 Rc8 13. Ne1 Ne7 14. Ndf3 Nb6 15. Bd2 Ned5 16. Rc1 Qd7 17. Ba5 Be7 18. Nd2 0-0 19. Bf3 Na4 20. Bxd5 exd5 21. b3 Nb2 22. Qe2 Nd3 23. Ra1 Ba3 24. Rd1 Nxe1 25. Rdxe1 Bd3 26. e6 fxe6 27. Qxe6+ Qxe6 28. Rxe6 Bxf1 29. Kxf1 c3 30. Nb1 c2 0-1

[Event "EU-ch 14th"]
[Site "Legnica"]
[Date "2013.05.10"]
[Round "6"]
[White "Zahariev, Ognyan"]
[Black "D'Aste, Federico"]
[Result "1-0"]
[WhiteElo "1913"]
[BlackElo "1501"]
[PlyCount "89"]
[EventDate "2013.05.05"]
[EventType "swiss"]
[EventRounds "11"]
[EventCountry "POL"]
[SourceTitle "CBM 155"]
[Source "ChessBase"]
[SourceDate "2013.07.16"]
[SourceVersion "1"]
[SourceVersionDate "2013.07.16"]
[SourceQuality "1"]

1. e4 d5 2. exd5 Nf6 3. d4 Bg4 4. Be2 Bxe2 5. Nxe2 Qxd5 6. 0-0 Nc6 7. Nbc3 Qf5 8. Ng3 Qg4 9. Nce2 0-0-0 10. f3 Qd7 11. Be3 e6 12. c4 Kb8 13. a3 a6 14. b4 Na7 15. Qb3 Be7 16. a4 c6 17. Nc3 Ka8 18. Rfd1 h5 19. Rd2 h4 20. Nf1 Rh5 21. Rad1 g5 22. d5 exd5 23. cxd5 Qc7 24. dxc6 Nxc6 25. b5 Ne5 26. Rxd8+ Bxd8 27. bxa6 bxa6 28. Nd5 Nxd5 29. Qxd5+ Nc6 30. a5 Rh6 31. Bb6 Rd6 32. Qxd6 Qxd6 33. Rxd6 Bxb6+ 34. axb6 Na5 35. Rd7 f6 36. Ra7+ Kb8 37. Rxa6 Nb7 38. Nd2 Nc5 39. Ra7 f5 40. Kf1 f4 41. Ne4 Ne6 42. Re7 Nd4 43. Nc5 Nc6 44. Na6+ Kc8 45. Rc7+ 1-0

[Event "EU-ch 14th"]
[Site "Legnica"]
[Date "2013.05.07"]
[Round "3"]
[White "D'Aste, Federico"]
[Black "Pavlidou, Ekaterini"]
[Result "0-1"]
[WhiteElo "1501"]
[BlackElo "2209"]
[PlyCount "42"]
[EventDate "2013.05.05"]
[EventType "swiss"]
[EventRounds "11"]
[EventCountry "POL"]
[SourceTitle "CBM 155"]
[Source "ChessBase"]
[SourceDate "2013.07.16"]
[SourceVersion "1"]
[SourceVersionDate "2013.07.16"]
[SourceQuality "1"]

1. e4 c5 2. Nc3 Nc6 3. g3 g6 4. Bg2 Bg7 5. Nge2 d6 6. 0-0 Rb8 7. d3 b5 8. a3 a5 9. Nd5 e6 10. Ne3 Nge7 11. Ng4 h5 12. Ne3 Bd7 13. f4 f5 14. c3 Qb6 15. Nc2 d5 16. e5 d4 17. Rb1 b4 18. Qd2 b3 19. Na1 c4 20. Qe1 dxc3+ 21. Qf2 c2 0-1

[Event "EU-ch 14th"]
[Site "Legnica"]
[Date "2013.05.05"]
[Round "1"]
[White "D'Aste, Federico"]
[Black "Moiseenko, Alexander"]
[Result "0-1"]
[WhiteElo "1501"]
[BlackElo "2698"]
[PlyCount "66"]
[EventDate "2013.05.05"]
[EventType "swiss"]
[EventRounds "11"]
[EventCountry "POL"]
[SourceTitle "CBM 155"]
[Source "ChessBase"]
[SourceDate "2013.07.16"]
[SourceVersion "1"]
[SourceVersionDate "2013.07.16"]
[SourceQuality "1"]

1. e4 g6 2. d4 Bg7 3. Nc3 d6 4. Be3 a6 5. Nf3 b5 6. a3 Nd7 7. Be2 Bb7 8. 0-0 c5 9. Nd5 e6 10. Nc3 Ngf6 11. e5 dxe5 12. dxe5 Ng4 13. Bg5 Qc7 14. Qd6 Qxd6 15. exd6 f6 16. Bf4 Nh6 17. Rfe1 e5 18. Bf1 Nf5 19. Rad1 Bxf3 20. gxf3 Nd4 21. Bg2 Nxc2 22. Re2 Nd4 23. Re3 0-0-0 24. Bg3 g5 25. Nd5 f5 26. Ne7+ Kb8 27. Rxd4 cxd4 28. Nc6+ Kb7 29. Nxd8+ Rxd8 30. f4+ Kb6 31. Re2 d3 32. Re3 exf4 33. Re7 Bxb2 0-1

[Event "Milan Crespi op-C 33rd"]
[Site "Milan"]
[Date "2012.12.09"]
[Round "7"]
[White "D'Aste, Federico"]
[Black "Biffi, Roberto"]
[Result "1/2-1/2"]
[WhiteElo "1501"]
[BlackElo "1691"]
[PlyCount "54"]
[EventDate "2012.12.05"]
[EventType "swiss"]
[EventRounds "7"]
[EventCountry "ITA"]
[SourceTitle "EXT 2024"]
[Source "ChessBase"]
[SourceDate "2023.10.10"]
[SourceVersion "1"]
[SourceVersionDate "2023.10.10"]
[SourceQuality "1"]

1. e4 d6 2. d4 g6 3. Nc3 Nf6 4. f4 Bg7 5. Nf3 0-0 6. e5 dxe5 7. fxe5 Nd5 8. h4 Bf5 9. Bd3 Nxc3 10. bxc3 Bg4 11. Rb1 Qd5 12. c4 Bxf3 13. cxd5 Bxd1 14. Kxd1 Rd8 15. Be4 Na6 16. Rxb7 Rdb8 17. Rxb8+ Rxb8 18. Rh3 Rb1 19. Ra3 f5 20. Bd3 Bh6 21. Rxa6 Bxc1 22. Ke2 Bb2 23. Rxa7 Bxd4 24. Rxc7 Bxe5 25. Rxe7 Bd6 26. Rd7 Rb6 27. a4 Bb4 1/2-1/2

[Event "Milan SSM July"]
[Site "Milan"]
[Date "2012.06.29"]
[Round "2"]
[White "Agnello, Francesco Claudio"]
[Black "D'Aste, Federico"]
[Result "1-0"]
[WhiteElo "1608"]
[BlackElo "1531"]
[PlyCount "53"]
[EventDate "2012.06.28"]
[EventType "swiss"]
[EventRounds "5"]
[EventCountry "ITA"]
[SourceTitle "EXT 2024"]
[Source "ChessBase"]
[SourceDate "2023.10.10"]
[SourceVersion "1"]
[SourceVersionDate "2023.10.10"]
[SourceQuality "1"]

1. d4 Nf6 2. Bg5 Ne4 3. Bf4 d5 4. e3 Bf5 5. Bd3 e6 6. h3 Bb4+ 7. c3 Ba5 8. Nf3 0-0 9. 0-0 Nd7 10. a4 c5 11. Bxe4 dxe4 12. Nfd2 Rc8 13. dxc5 Bc7 14. Bxc7 Qxc7 15. b4 Ne5 16. Na3 Rfd8 17. Qc2 Nf3+ 18. gxf3 exf3 19. Qc1 Bxh3 20. Re1 Bg2 21. Nf1 Qe7 22. e4 Qh4 23. Nh2 Qh3 24. Qf4 Rd3 25. Rad1 Rcd8 26. Rxd3 Rxd3 27. Qb8+ 1-0

[Event "Milan SSM July"]
[Site "Milan"]
[Date "2012.06.28"]
[Round "1"]
[White "D'Aste, Federico"]
[Black "Motola, Jacopo"]
[Result "0-1"]
[WhiteElo "1531"]
[BlackElo "1937"]
[PlyCount "86"]
[EventDate "2012.06.28"]
[EventType "swiss"]
[EventRounds "5"]
[EventCountry "ITA"]
[SourceTitle "EXT 2024"]
[Source "ChessBase"]
[SourceDate "2023.10.10"]
[SourceVersion "1"]
[SourceVersionDate "2023.10.10"]
[SourceQuality "1"]

1. e4 c5 2. g3 Nc6 3. Bg2 e6 4. Ne2 d5 5. exd5 exd5 6. d4 Nf6 7. Nbc3 Be6 8. Be3 c4 9. 0-0 Be7 10. Qd2 0-0 11. Nf4 Qd7 12. Nxe6 fxe6 13. a3 Ne8 14. Rae1 Nc7 15. Bh3 Bf6 16. Bf4 Nxd4 17. Bxc7 Nf3+ 18. Kg2 Nxd2 19. Bxe6+ Qxe6 20. Rxe6 Nxf1 21. Kxf1 Bxc3 22. bxc3 Rac8 23. Re7 Rf7 24. Rxf7 Kxf7 25. Be5 g6 26. Bd4 b6 27. Kg2 Ke6 28. Kf3 Kd6 29. Kg4 Kc6 30. a4 Kb7 31. Kg5 Ka6 32. Kh6 Ka5 33. f4 Kxa4 34. g4 Rf8 35. Be5 Rf7 36. h4 Ka3 37. h5 gxh5 38. Kxh5 Kb2 39. f5 a5 40. f6 a4 41. g5 a3 42. g6 hxg6+ 43. Kxg6 Rxf6+ 0-1